| 000 | 00327nam a2200109Ia 4500 | ||
|---|---|---|---|
| 008 | 220204s9999 xx 000 0 und d | ||
| 082 |
_a631.3 _bIND |
||
| 245 | 0 | _aMarket survey for agricultural implements and machinery in Ghana | |
| 260 |
_aDelhi _bManager of Publications _c1970 |
||
| 650 | _aAgricultural machinery | ||
| 942 | _cBK | ||
| 999 |
_c22083 _d22083 |
||